Normal view
MARC view
- الفقه الحنفي - القياس - اصول الفقه
Entry Topical Term
001 - CONTROL NUMBER
- control field: 44258
003 - CONTROL NUMBER IDENTIFIER
- control field: JO-AjAnu
005 - DATE AND TIME OF LATEST TRANSACTION
- control field: 20230606081329.0
008 - FIXED-LENGTH DATA ELEMENTS
- fixed length control field: 230606|| aca||aabn | a|a d
040 ## - CATALOGING SOURCE
- Original cataloging agency: JO-AjAnu
- Transcribing agency: JO-AjAnu
150 ## - HEADING--TOPICAL TERM
- Topical term or geographic name entry element: الفقه الحنفي - القياس - اصول الفقه
670 ## - SOURCE DATA FOUND
- Source citation: Work cat.: (JO-AjAnu)22663: إبن نجيم، زين الدين بن إبراهيم؛ قرأه واعتنى به خالد محمد سعيد؛ مراجعة طه عبد الرءوف سعد, author 44257, الأشباه والنظائر في قواعد وفروع فقه الحنفه ويليه وصية الإمام أبي حنفية النعمان